[Event "Faxe Dags EMT 2011"]
[Site "Faxe"]
[Date "2011.04.06"]
[Round "2"]
[White "Jakobsen, Henning"]
[Black "Christoffersen, Ib"]
[Result "1/2-1/2"]
[WhiteElo "1182"]
[BlackElo "1366"]
[PlyCount "136"]
[EventDate "2011.??.??"]

1. d4 d5 2. c4 Nf6 3. Nc3 e6 4. Nf3 Be7 5. Bg5 h6 6. Bh4 Nc6 7. e3 b6 8. Bd3
Ba6 9. Ne5 Bb7 10. cxd5 exd5 11. Bb5 Qd6 12. Bg3 Qe6 13. Rc1 a6 14. Bxc6+ Bxc6
15. Nxc6 Qxc6 16. Na4 Bb4+ 17. Nc3 Ne4 18. O-O Bxc3 19. bxc3 Nxg3 20. fxg3 Qe6
21. Qf3 O-O 22. Qf4 Rac8 23. Rf3 f6 24. Qf5 Qxf5 25. Rxf5 c6 26. Rcf1 Rce8 27.
R1f3 Re6 28. h4 Rfe8 29. Kf2 b5 30. a3 a5 31. g4 Kh7 32. g5 Rf8 33. gxh6 Kxh6
34. g4 Kh7 35. g5 Kg6 36. gxf6 Rfxf6 37. Rg5+ Kh6 38. Rff5 g6 39. Rxf6 Rxf6+
40. Ke2 Re6 41. Re5 Rf6 42. Kd3 a4 43. Ke2 Kg7 44. Rg5 Kh6 45. Re5 Rd6 46. Kd3
Rf6 47. Ke2 Rf8 48. Rg5 Kg7 49. h5 Rf6 50. Kd3 Kh6 51. Rxg6+ Rxg6 52. hxg6 Kxg6
53. e4 Kf6 54. e5+ Kf5 55. Ke3 Kg5 56. Kf3 Kf5 57. Ke3 c5 58. dxc5 Kxe5 59. c6
Kd6 60. c7 Kxc7 61. Kd3 Kd6 62. Kd4 Kc6 63. Ke3 Kc5 64. Kd3 Kd6 65. Ke3 Kc5 66.
Kd3 Kb6 67. Kd4 Kc6 68. Ke3 Kc5 1/2-1/2

[Event "Faxe Dags EMT 2011"]
[Site "Faxe"]
[Date "2011.04.13"]
[Round "3"]
[White "Arendal, Gustav"]
[Black "Andersen, Bjarne Hjorth"]
[Result "1/2-1/2"]
[WhiteElo "1834"]
[BlackElo "1963"]
[PlyCount "39"]
[EventDate "2011.??.??"]

1. e4 c6 2. Nf3 d5 3. Nc3 dxe4 4. Nxe4 Nf6 5. Nxf6+ gxf6 6. d4 Bg4 7. Be2 Qc7
8. h3 Bh5 9. Be3 Nd7 10. Qd2 O-O-O 11. O-O-O e6 12. g4 Bg6 13. Nh4 c5 14. Nxg6
hxg6 15. f4 cxd4 16. Qxd4 Bc5 17. Qc3 Bxe3+ 18. Qxe3 Nb6 19. Rd4 Rxd4 20. Qxd4
1/2-1/2

[Event "Faxe Dags EMT 2011"]
[Site "Faxe"]
[Date "2011.04.13"]
[Round "3"]
[White "Jensen, Leif"]
[Black "Hansen, Aage"]
[Result "1-0"]
[WhiteElo "1947"]
[BlackElo "1622"]
[PlyCount "133"]
[EventDate "2011.??.??"]

1. e4 e6 2. d4 d5 3. Nd2 Nf6 4. e5 Nfd7 5. c3 c5 6. f4 Nc6 7. Ndf3 Be7 8. g3
Qb6 9. Kf2 f5 10. Kg2 Nf8 11. h4 Bd7 12. Nh3 O-O-O 13. a4 c4 14. Qc2 h6 15. Be3
Na5 16. Nd2 Rg8 17. Be2 Be8 18. Bd1 g6 19. b4 Nc6 20. Re1 Nh7 21. Kf2 Rd7 22.
Nxc4 Qd8 23. b5 Nb8 24. Nd6+ Bxd6 25. exd6 Rxd6 26. c4 Rd7 27. Rc1 Rc7 28. Qa2
Nf6 29. Bf3 Ne4+ 30. Kg2 Rgg7 31. Nf2 g5 32. hxg5 hxg5 33. Bxe4 fxe4 34. cxd5
exd5 35. fxg5 Bh5 36. g4 Bg6 37. Bf4 Be8 38. Bxc7 Rxc7 39. Qd2 Nd7 40. Rxc7+
Kxc7 41. Qf4+ Kb6 42. Qd6+ Ka5 43. Qxd5 Qb6 44. Rxe4 Bg6 45. Re6 Bf7 46. Qxd7
Bxe6 47. Qg7 Bd5+ 48. Kh3 Kxa4 49. g6 Qe6 50. Qe5 Kxb5 51. g7 Qh6+ 52. Kg3 Qe6
53. Qxe6 Bxe6 54. Kf4 a5 55. Ke5 Bg8 56. Ne4 Kb4 57. d5 a4 58. d6 a3 59. d7 a2
60. d8=Q a1=Q+ 61. Qd4+ Qxd4+ 62. Kxd4 Ka4 63. Nf6 Bf7 64. g8=Q Bxg8 65. Nxg8
b5 66. Nf6 b4 67. Ne4 1-0

[Event "Faxe Dags EMT 2011"]
[Site "Faxe"]
[Date "2011.04.13"]
[Round "3"]
[White "Hansen, Borge"]
[Black "Hansen, Jens Hjort"]
[Result "0-1"]
[WhiteElo "1592"]
[BlackElo "1936"]
[PlyCount "64"]
[EventDate "2011.??.??"]

1. e4 c5 2. Nf3 d6 3. Be2 Nf6 4. d3 e6 5. O-O Be7 6. b3 O-O 7. Bb2 d5 8. exd5
Nxd5 9. Nbd2 Bf6 10. Bxf6 Nxf6 11. Ne4 b6 12. Nfd2 Nc6 13. Bf3 Bb7 14. Nc4 Nxe4
15. Bxe4 Qc7 16. Nd2 Rad8 17. Bxc6 Bxc6 18. Re1 Qf4 19. Qe2 Rd5 20. Qe3 Qg4 21.
f3 Qh4 22. Qf2 Qh5 23. Re2 Qg6 24. Rae1 Rh5 25. Re5 Rxe5 26. Rxe5 Rd8 27. Re1
Rd4 28. Nc4 Be8 29. Re4 Rd5 30. Qh4 Rg5 31. Re2 Qf6 32. Kf2 Rxg2+ 0-1

[Event "Faxe Dags EMT 2011"]
[Site "Faxe"]
[Date "2011.04.23"]
[Round "3"]
[White "Petersen, Bent"]
[Black "Kjeldgaard, Lennart"]
[Result "1-0"]
[WhiteElo "1884"]
[BlackElo "1565"]
[PlyCount "117"]
[EventDate "2011.??.??"]

1. d4 d5 2. c4 c6 3. Nf3 Bf5 4. Nc3 e6 5. e3 Nf6 6. Bd3 Bxd3 7. Qxd3 Bb4 8. O-O
Bxc3 9. bxc3 O-O 10. cxd5 Qxd5 11. c4 Qe4 12. Qb3 b6 13. a4 Nbd7 14. Bb2 Rab8
15. Rfd1 Rfd8 16. Qc3 a6 17. Ba3 b5 18. Bd6 Ra8 19. Bg3 Nb6 20. axb5 axb5 21.
Nd2 Qf5 22. Bc7 Nbd5 23. cxd5 Nxd5 24. Rxa8 Rxa8 25. Qxc6 Nxc7 26. Qxc7 h6 27.
e4 Qg5 28. Nf3 Qg4 29. Qb7 Ra3 30. h3 Qh5 31. Rb1 Qg6 32. Ne5 Qf6 33. Qxb5 Ra2
34. Rf1 g5 35. Ng4 Qg6 36. Qb8+ Kg7 37. Qe5+ Kf8 38. Rb1 Ra8 39. Qh8+ Qg8 40.
Qxh6+ Qg7 41. Qxg7+ Kxg7 42. g3 Ra4 43. Rd1 Kg6 44. Kg2 Ra2 45. Ne3 Kf6 46. h4
gxh4 47. gxh4 Ra8 48. f4 Rg8+ 49. Kh3 Ke7 50. h5 Rh8 51. Kh4 Rg8 52. Ng4 Rh8
53. Rb1 f5 54. Rb7+ Kd6 55. exf5 exf5 56. Nf6 Ke6 57. Kg5 Rd8 58. d5+ Kd6 59.
Rd7+ 1-0

[Event "Faxe Dags EMT 2011"]
[Site "Faxe"]
[Date "2011.04.13"]
[Round "3"]
[White "Eckert, Svend"]
[Black "Andersen, Hans E"]
[Result "0-1"]
[WhiteElo "1622"]
[BlackElo "1476"]
[PlyCount "100"]
[EventDate "2011.??.??"]

1. c4 Nf6 2. d4 g6 3. Nc3 Bg7 4. Nf3 d5 5. e3 c6 6. c5 O-O 7. Be2 b6 8. b4 a5
9. Na4 Nbd7 10. Ba3 axb4 11. Bxb4 bxc5 12. Nxc5 Nxc5 13. Bxc5 Ne4 14. Bb4 Re8
15. O-O c5 16. Bd2 Bg4 17. Ne5 Bxe2 18. Qxe2 Bxe5 19. dxe5 Nxd2 20. Qxd2 e6 21.
Rfc1 Qa5 22. Qxa5 Rxa5 23. Rc2 Rc8 24. f4 Kg7 25. g3 f6 26. exf6+ Kxf6 27. Rb1
Rc7 28. g4 Ra6 29. Kf2 g5 30. Kf3 h6 31. Rb8 c4 32. Rh8 Kg7 33. Rd8 gxf4 34.
Kxf4 Kf6 35. Rf8+ Rf7 36. Rxf7+ Kxf7 37. Ke5 Ra3 38. Rf2+ Ke7 39. Kf4 Rd3 40.
Rb2 c3 41. Rc2 Kd6 42. Kf3 Kc5 43. Ke2 Kc4 44. h4 d4 45. exd4 Rxd4 46. g5 Rxh4
47. gxh6 Rxh6 48. Ke3 Rh1 49. Ke2 Rh5 50. Kd1 Kd3 0-1

[Event "Faxe Dags EMT 2011"]
[Site "Faxe"]
[Date "2011.04.13"]
[Round "3"]
[White "Christoffersen, Per"]
[Black "Rasmussen, Frede"]
[Result "1-0"]
[WhiteElo "1549"]
[BlackElo "1434"]
[PlyCount "55"]
[EventDate "2011.??.??"]

1. d4 e6 2. Nf3 h6 3. e3 d6 4. Bd3 Bd7 5. c4 Nc6 6. Nc3 a6 7. a3 g5 8. Qc2 Bg7
9. b4 Nce7 10. Bb2 Nf6 11. Ne4 Nxe4 12. Bxe4 c6 13. c5 d5 14. Bd3 b6 15. O-O b5
16. e4 dxe4 17. Bxe4 Nd5 18. Bxd5 cxd5 19. Rfe1 Bc6 20. Ne5 Bxe5 21. Rxe5 Kd7
22. Rae1 Qg8 23. Qe2 Qg6 24. Qf3 Rae8 25. Qe2 Re7 26. Re3 Kc7 27. Rc3 f5 28.
Qe5+ 1-0

[Event "Faxe Dags EMT 2011"]
[Site "Faxe"]
[Date "2011.04.13"]
[Round "3"]
[White "Ostrem, Eyolf"]
[Black "Larsen, Paul M"]
[Result "1-0"]
[WhiteElo "1400"]
[BlackElo "1507"]
[PlyCount "97"]
[EventDate "2011.??.??"]

1. e4 c6 2. d4 d5 3. e5 Bf5 4. Nf3 e6 5. Be2 c5 6. c3 cxd4 7. Nxd4 Bg6 8. Nd2
Ne7 9. O-O Nec6 10. Qa4 Qa5 11. Bb5 Qc7 12. N2f3 Be7 13. c4 O-O 14. cxd5 exd5
15. Bf4 a6 16. Bxc6 bxc6 17. Rac1 c5 18. b4 c4 19. a3 Bd3 20. Rfe1 Qd8 21. e6
f6 22. Bxb8 Qxb8 23. Qd7 Qd6 24. Nc6 Qxd7 25. exd7 Bd8 26. Re8 Bc7 27. Rce1 Be4
28. Rxf8+ Kxf8 29. Nfd4 Bb6 30. Ne6+ Kf7 31. d8=Q Bxd8 32. Nexd8+ Ke8 33. f3 f5
34. fxe4 fxe4 35. Ne6 Kd7 36. Ncd4 Kd6 37. Nxg7 Ke5 38. Nge6 Rc8 39. Rc1 c3 40.
Kf2 Rc4 41. Ke3 c2 42. Kd2 Rxd4+ 43. Nxd4 Kxd4 44. Rxc2 e3+ 45. Ke2 Ke4 46. a4
d4 47. Rc4 Kd5 48. Kd3 e2 49. Rc1 1-0

[Event "Faxe Dags EMT 2011"]
[Site "Faxe"]
[Date "2011.04.13"]
[Round "3"]
[White "Refsgaard, Kaj"]
[Black "Hansen, Arne Mandrup"]
[Result "1-0"]
[WhiteElo "1506"]
[BlackElo "1366"]
[PlyCount "95"]
[EventDate "2011.??.??"]

1. d4 Nf6 2. Bg5 Ne4 3. Bf4 d5 4. Nd2 Bf5 5. e3 e6 6. Bd3 Bg6 7. Ne2 Nd7 8. O-O
Ndf6 9. Nxe4 Nxe4 10. Rc1 Bd6 11. Bg3 Nxg3 12. hxg3 f5 13. c4 c6 14. cxd5 exd5
15. Qc2 O-O 16. Qb3 Qb6 17. Qc2 Rf6 18. Nf4 Bxf4 19. gxf4 Qc7 20. b4 Raf8 21.
b5 Be8 22. Qc5 b6 23. Qxd5+ cxd5 24. Rxc7 R6f7 25. Rfc1 Rxc7 26. Rxc7 Rf7 27.
Rxf7 Kxf7 28. Bxf5 Bxb5 29. Bxh7 g6 30. f5 g5 31. Bg6+ Kf6 32. f3 Bc4 33. a3
Bb5 34. Kf2 Bd7 35. Ke2 b5 36. Kd2 a5 37. Kc3 Kg7 38. e4 dxe4 39. fxe4 Kf6 40.
e5+ Kg7 41. d5 Kf8 42. e6 Bc8 43. d6 b4+ 44. axb4 axb4+ 45. Kxb4 g4 46. e7+ Kg7
47. e8=Q Bb7 48. Qf7+ 1-0

[Event "Faxe Dags EMT 2011"]
[Site "Faxe"]
[Date "2011.04.13"]
[Round "3"]
[White "Hansen, Egon"]
[Black "Sorensen, Lindved"]
[Result "1-0"]
[WhiteElo "1363"]
[BlackElo "1505"]
[PlyCount "93"]
[EventDate "2011.??.??"]

1. d4 Nf6 2. Nf3 e6 3. c4 Bb4+ 4. Bd2 Qe7 5. e3 Ne4 6. Bd3 Nxd2 7. Nbxd2 c5 8.
O-O O-O 9. Qc2 f5 10. a3 Ba5 11. dxc5 Bxd2 12. Nxd2 Qxc5 13. b4 Qc7 14. Nf3 b6
15. Rad1 Bb7 16. Nd4 Rf6 17. f4 Rg6 18. Rd2 a6 19. e4 Qd6 20. Nb3 fxe4 21. Bxe4
Bxe4 22. Qxe4 Qc6 23. Qxc6 dxc6 24. Rd8+ Kf7 25. Nd4 c5 26. bxc5 bxc5 27. Nc6
Nxc6 28. Rxa8 Na5 29. Rxa6 Nxc4 30. f5 Rf6 31. fxe6+ Ke7 32. Rxf6 gxf6 33. Kf2
Nd6 34. Ra7+ Kxe6 35. Rxh7 Kd5 36. Ke2 Kc4 37. Kd2 Nb5 38. a4 Nd4 39. Rh4 Kd5
40. Rxd4+ Kxd4 41. h4 f5 42. h5 Ke5 43. h6 Kf6 44. a5 Kg6 45. a6 Kxh6 46. a7
Kg6 47. a8=Q 1-0

[Event "Faxe Dags EMT 2011"]
[Site "Faxe"]
[Date "2011.04.13"]
[Round "3"]
[White "Brinkhard, Anders"]
[Black "Nielsen, Flemming"]
[Result "1-0"]
[WhiteElo "1482"]
[BlackElo "1428"]
[PlyCount "185"]
[EventDate "2011.??.??"]

1. Nf3 Nf6 2. d4 e6 3. c3 d5 4. h3 c5 5. Bf4 Nc6 6. e3 c4 7. Nbd2 Be7 8. Be2
O-O 9. O-O b6 10. Re1 Nh5 11. Bh2 g6 12. Ne5 Nxe5 13. Bxe5 f6 14. Bh2 Ng7 15.
Bf3 b5 16. e4 dxe4 17. Bxe4 Bd7 18. Bxa8 Qxa8 19. f3 f5 20. Be5 Ne8 21. Qe2 Bh4
22. Rf1 f4 23. Ne4 Qc6 24. Qd2 Rf5 25. Rad1 Qd5 26. Qe2 a5 27. Nf2 h5 28. Qe4
Rg5 29. Qxd5 exd5 30. Bxf4 Rf5 31. Be5 Kf7 32. Kh2 Bg5 33. Nh1 Bf6 34. f4 Bxe5
35. dxe5 Ke6 36. Ng3 Rf8 37. h4 Ng7 38. Rd4 b4 39. Rfd1 Bc6 40. R1d2 Ne8 41. a3
bxa3 42. bxa3 Nc7 43. Rb2 Nb5 44. Rxb5 Bxb5 45. Rd2 Rxf4 46. Ne2 Rxh4+ 47. Kg3
Re4 48. Nd4+ Kxe5 49. Nxb5 h4+ 50. Kf2 g5 51. Re2 Rxe2+ 52. Kxe2 Kf4 53. Nd4
Kg3 54. Kf1 a4 55. Ne2+ Kg4 56. Kf2 Kf5 57. Ke3 g4 58. Kd4 Ke6 59. Nf4+ Kf5 60.
Ne2 h3 61. gxh3 gxh3 62. Ke3 h2 63. Ng3+ Kg4 64. Kf2 d4 65. Kg2 dxc3 66. Ne2 c2
67. Kxh2 c3 68. Kg2 Kg5 69. Kf3 Kf6 70. Ke4 Ke7 71. Kd3 c1=Q 72. Nxc1 c2 73.
Kxc2 Kd6 74. Kc3 Kc5 75. Nd3+ Kb5 76. Kd4 Kb6 77. Kc4 Ka5 78. Kc5 Ka6 79. Kb4
Kb6 80. Kxa4 Ka6 81. Kb4 Kb6 82. Nb2 Ka6 83. Nc4 Kb7 84. Kb5 Ka7 85. Nb6 Kb7
86. a4 Kc7 87. a5 Kb7 88. Na4 Ka7 89. Nc5 Kb8 90. Kb6 Ka8 91. Ne6 Kb8 92. a6
Ka8 93. Nc7+ 1-0

[Event "Faxe Dags EMT 2011"]
[Site "Faxe"]
[Date "2011.04.13"]
[Round "3"]
[White "Toftvang, Ove"]
[Black "Wehlast, Svend Erik"]
[Result "1/2-1/2"]
[WhiteElo "1241"]
[BlackElo "1420"]
[PlyCount "102"]
[EventDate "2011.??.??"]

1. d4 d5 2. g3 Bf5 3. Bg2 e6 4. c3 c6 5. b4 Nd7 6. a4 h6 7. f4 Ngf6 8. Nf3 Be7
9. O-O O-O 10. a5 Ne4 11. Ne5 Ndf6 12. Qe1 Nd6 13. Nd2 Ng4 14. Nxg4 Bxg4 15. h3
Bh5 16. Bb2 Bg6 17. Kh2 Nf5 18. e4 Nd6 19. e5 Nf5 20. Nf3 h5 21. h4 Nh6 22. Bc1
Bd3 23. Rg1 Be4 24. Ng5 Ng4+ 25. Kh1 Bf5 26. Rf1 a6 27. Kg1 Qd7 28. Bf3 Bd3 29.
Be2 Bf5 30. Ra2 g6 31. Bf3 Nh6 32. Bg2 f6 33. Nf3 Ng4 34. Rd2 Be4 35. Qe2 f5
36. Bh3 Nh6 37. Bg2 Bxf3 38. Bxf3 Rf7 39. Kh2 Rh7 40. Rb2 Qd8 41. Rh1 Ng4+ 42.
Kg2 Qd7 43. Bxg4 hxg4 44. c4 dxc4 45. Qxc4 Qd5+ 46. Qxd5 cxd5 47. Bd2 Bf8 48.
Rc1 Re7 49. Rbc2 Rb8 50. Rc8 Rxc8 51. Rxc8 Kf7 1/2-1/2

[Event "Faxe Dags EMT 2011"]
[Site "Faxe"]
[Date "2011.04.13"]
[Round "3"]
[White "Christoffersen, Ib"]
[Black "Andersen, Hans Poul"]
[Result "0-1"]
[WhiteElo "1366"]
[BlackElo "1217"]
[PlyCount "96"]
[EventDate "2011.??.??"]

1. d4 d5 2. Nc3 Nf6 3. Nf3 e6 4. e3 Bb4 5. Bd2 Nc6 6. Bb5 Bd7 7. O-O O-O 8. h3
a6 9. Bd3 h6 10. a3 Bxc3 11. Bxc3 b5 12. Qe2 Re8 13. Ne5 Nxe5 14. dxe5 Ne4 15.
Bxe4 dxe4 16. Rad1 Qe7 17. Rd2 Bc6 18. Rfd1 Bd5 19. b3 c5 20. Ba5 c4 21. Bb4
Qg5 22. Bc3 cxb3 23. cxb3 Bxb3 24. Rc1 Bc4 25. Qe1 Red8 26. Bd4 Rdc8 27. Rdc2
Qd8 28. Rd2 Qe7 29. Bb2 Bd3 30. Rcd1 Rc4 31. f3 Rac8 32. Qf2 Qg5 33. h4 Qe7 34.
fxe4 Bxe4 35. Rd7 Qe8 36. Qd2 Bd5 37. Rd6 Rc2 38. Qb4 Rxg2+ 39. Kf1 Rcc2 40.
R6xd5 exd5 41. Rxd5 Qc6 42. Qe4 Qc4+ 43. Qxc4 bxc4 44. e6 fxe6 45. Rd8+ Kh7 46.
Be5 Rgd2 47. Rxd2 Rxd2 48. Ke1 Rd3 0-1

[Event "Faxe Dags EMT 2011"]
[Site "Faxe"]
[Date "2011.04.13"]
[Round "3"]
[White "Larsen, Poul Erik"]
[Black "Jakobsen, Henning"]
[Result "1/2-1/2"]
[WhiteElo "1334"]
[BlackElo "1182"]
[PlyCount "61"]
[EventDate "2011.??.??"]

1. Nf3 d6 2. d4 Nf6 3. e3 Bg4 4. Be2 g6 5. b3 Bg7 6. Bb2 O-O 7. Nbd2 Nc6 8. a3
e5 9. dxe5 dxe5 10. Nxe5 Bxe2 11. Qxe2 Nxe5 12. Bxe5 Qe7 13. Bb2 Rad8 14. O-O-O
Rd7 15. Nc4 Rxd1+ 16. Rxd1 Ne4 17. Bxg7 Kxg7 18. b4 Nc3 19. Qd2 Nxd1 20. Qxd1
Rd8 21. Qf3 c6 22. e4 Rd4 23. Qc3 Qd8 24. Na5 Kg8 25. Nxb7 Rd1+ 26. Kb2 Qd4 27.
Qxd4 Rxd4 28. Na5 Rd6 29. e5 Re6 30. f4 f5 31. Nb3 1/2-1/2

[Event "Faxe Dags EMT 2011"]
[Site "Faxe"]
[Date "2011.04.13"]
[Round "3"]
[White "Hansen, Knud"]
[Black "Olsen, Michael2"]
[Result "1-0"]
[WhiteElo "1599"]
[BlackElo "1197"]
[PlyCount "71"]
[EventDate "2011.??.??"]

1. e4 e5 2. Bc4 Nf6 3. d3 h6 4. Nf3 d6 5. h3 Be7 6. O-O O-O 7. c3 c5 8. Be3
Nbd7 9. Nbd2 b6 10. Nh2 Nh7 11. f4 Bb7 12. Ndf3 Kh8 13. f5 Ndf6 14. Qe2 Qc7 15.
Bb3 d5 16. exd5 Nxd5 17. Bxd5 Bxd5 18. Ng4 e4 19. dxe4 Bxe4 20. Nd2 Bb7 21. Nc4
Bf6 22. Bf4 Qd7 23. Rad1 Qxf5 24. Bd6 Rfe8 25. Qxe8+ Rxe8 26. Rxf5 Re2 27. Rf2
Re4 28. Nce5 Ng5 29. Nxf6 gxf6 30. Rxf6 Re2 31. Rf2 Re3 32. Nxf7+ Nxf7 33. Rxf7
Bc6 34. Bf4 Re2 35. Rd8+ Be8 36. Bxh6 1-0

[Event "Faxe Dags EMT 2011"]
[Site "Faxe"]
[Date "2011.04.13"]
[Round "3"]
[White "Joost, Kjeld"]
[Black "Voigt, Keld"]
[Result "1/2-1/2"]
[WhiteElo "1310"]
[BlackElo "1087"]
[PlyCount "114"]
[EventDate "2011.??.??"]

1. e4 e5 2. Nf3 Nc6 3. Bb5 d6 4. d4 Bd7 5. d5 Nce7 6. Bc4 Nf6 7. Nc3 c6 8. a4
cxd5 9. exd5 Bg4 10. Bb5+ Nd7 11. h3 Bh5 12. g4 Bg6 13. h4 h6 14. h5 Bh7 15. g5
a6 16. Bc4 Nb6 17. Bb3 hxg5 18. Nxg5 Nf5 19. Nxh7 Rxh7 20. Qd3 g6 21. Ne4 Nd4
22. Ng5 Rxh5 23. Rxh5 gxh5 24. Nh7 Bg7 25. Bg5 f6 26. Qg6+ Kd7 27. Qxg7+ Qe7
28. Qxe7+ Kxe7 29. Bxf6+ Kf7 30. O-O-O Rg8 31. Rxd4 exd4 32. Bxd4 Nd7 33. Ng5+
Kg6 34. Ne4 h4 35. Be3 Ne5 36. Ng5 Ng4 37. Nf3 Kh5 38. Nxh4 Nxe3 39. fxe3 Kxh4
40. c4 Re8 41. Kd2 Kg4 42. Bc2 Kf3 43. Bd1+ Kf2 44. b4 Rxe3 45. c5 Re5 46. Bb3
dxc5 47. bxc5 Re3 48. d6 Re2+ 49. Kc3 Re3+ 50. Kb4 Rd3 51. Bf7 Rf3 52. Bd5 Rf5
53. Bxb7 Ke3 54. c6 Kd4 55. d7 a5+ 56. Kb3 Rf8 57. c7 Rf5 1/2-1/2

[Event "Faxe Dags EMT 2011"]
[Site "Faxe"]
[Date "2011.04.27"]
[Round "4"]
[White "Petersen, Bent"]
[Black "Jensen, Leif"]
[Result "0-1"]
[WhiteElo "1884"]
[BlackElo "1947"]
[PlyCount "116"]
[EventDate "2011.??.??"]

1. d4 d5 2. c4 c6 3. Nc3 Nf6 4. Nf3 e6 5. e3 Nbd7 6. Bd3 Bd6 7. O-O O-O 8. Qc2
dxc4 9. Bxc4 e5 10. d5 Nb6 11. dxc6 Nxc4 12. cxb7 Bxb7 13. Nb5 Rc8 14. Qa4 a6
15. Nxd6 Qxd6 16. b3 Nb6 17. Ba3 Qe6 18. Qa5 Rfe8 19. Rfd1 Nbd5 20. Bb2 Ng4 21.
h3 Rc2 22. Rd2 Rxd2 23. Qxd2 Ngf6 24. Nxe5 Ne7 25. Qb4 Qd5 26. Nf3 Ne4 27. Rc1
Ng5 28. Qg4 Nxf3+ 29. gxf3 Ng6 30. Kg2 Qd2 31. Qd4 Qxd4 32. Bxd4 Rc8 33. Rxc8+
Bxc8 34. Kg3 f6 35. h4 Kf7 36. f4 Ne7 37. e4 f5 38. e5 Ke6 39. h5 g6 40. hxg6
Nxg6 41. b4 Bd7 42. a3 Bc6 43. Be3 Kd5 44. Kg2 Kc4+ 45. Kf1 Kb3 46. Ke2 h5 47.
e6 Kc4 48. f3 Kd5 49. Kd3 h4 50. Ke2 Kxe6 51. Kf2 Kd5 52. Kg2 Kc4 53. Kh3 Bxf3
54. Bd2 Bg4+ 55. Kh2 Kb3 56. Bc1 Ne7 57. Kg2 Nd5 58. Kh2 Kc2 0-1

[Event "Faxe Dags EMT 2011"]
[Site "Faxe"]
[Date "2011.04.27"]
[Round "4"]
[White "Hansen, Jens Hjort"]
[Black "Andersen, Bjarne Hjorth"]
[Result "0-1"]
[WhiteElo "1936"]
[BlackElo "1963"]
[PlyCount "86"]
[EventDate "2011.??.??"]

1. e4 c6 2. d4 d5 3. Nc3 dxe4 4. Nxe4 Nd7 5. Nf3 Ngf6 6. Ng3 e6 7. Bd3 c5 8.
O-O cxd4 9. Nxd4 Bc5 10. Nf3 O-O 11. b3 b6 12. Ne4 Bb7 13. Nxc5 Nxc5 14. Be2
Qc7 15. Bb2 Rfd8 16. Qe1 Nd5 17. g3 Qe7 18. Ne5 f6 19. Nd3 Nxd3 20. Bxd3 Kh8
21. a3 Rac8 22. Rd1 Nc7 23. Qe2 e5 24. Rde1 Qe8 25. Qg4 Qf7 26. h4 Bd5 27. f4
Be6 28. Qe2 Bh3 29. fxe5 Bxf1 30. Rxf1 Nd5 31. Qe4 g6 32. Bc4 Qc7 33. Kh2 b5
34. Bd3 Nc3 35. Qf3 Qxe5 36. Qb7 Rc7 37. Qa6 Rd6 38. Qa5 Rxd3 39. Bxc3 Qe2+ 40.
Kh3 Qxf1+ 41. Kh2 Qe2+ 42. Kh3 Qe6+ 43. Kh2 Rdxc3 0-1

[Event "Faxe Dags EMT 2011"]
[Site "Faxe"]
[Date "2011.04.27"]
[Round "4"]
[White "Hansen, Aage"]
[Black "Arendal, Gustav"]
[Result "1-0"]
[WhiteElo "1622"]
[BlackElo "1834"]
[PlyCount "121"]
[EventDate "2011.??.??"]

1. e4 e5 2. f4 exf4 3. Nf3 Be7 4. h4 d5 5. Nc3 dxe4 6. Nxe4 Bg4 7. Bc4 Bxh4+ 8.
Kf1 Nc6 9. c3 Ne5 10. Qe2 Be7 11. d4 Bxf3 12. gxf3 Nxc4 13. Qxc4 f5 14. Rxh7
Rxh7 15. Qxg8+ Bf8 16. Qxh7 fxe4 17. Qxe4+ Be7 18. Bxf4 c6 19. Re1 Kf8 20. Qf5+
Bf6 21. Qc5+ Kg8 22. Kg2 Qd7 23. Qc4+ Qf7 24. Qxf7+ Kxf7 25. Kg3 Rh8 26. Kg4
Rh4+ 27. Kg3 Rh5 28. Re4 Rh1 29. a3 a5 30. Re2 a4 31. Be5 b5 32. Rc2 Be7 33.
Kf4 Rh4+ 34. Ke3 g5 35. Rg2 Kg6 36. Rc2 Kf5 37. c4 b4 38. axb4 Bxb4 39. Rh2 c5
40. Rxh4 gxh4 41. Bh2 cxd4+ 42. Kxd4 Ke6 43. c5 Kd7 44. Kc4 a3 45. bxa3 Bxa3
46. Kb5 Bc1 47. c6+ Kc8 48. f4 Be3 49. f5 Bd4 50. Kc4 Bb6 51. Kd5 Kd8 52. Ke6
Bc7 53. Bg1 Ke8 54. f6 h3 55. f7+ Kf8 56. Bc5+ Kg7 57. f8=Q+ Kg6 58. Qf6+ Kh5
59. Kf5 h2 60. Qg6+ Kh4 61. Qg4# 1-0

[Event "Faxe Dags EMT 2011"]
[Site "Faxe"]
[Date "2011.04.27"]
[Round "4"]
[White "Brinkhard, Anders"]
[Black "Hansen, Borge"]
[Result "1/2-1/2"]
[WhiteElo "1482"]
[BlackElo "1592"]
[PlyCount "103"]
[EventDate "2011.??.??"]

1. Nf3 c5 2. c3 e6 3. e3 d5 4. d4 Nc6 5. Bd3 Be7 6. Nbd2 Nf6 7. O-O O-O 8. Re1
a6 9. Bc2 c4 10. e4 dxe4 11. Nxe4 b5 12. Nxf6+ Bxf6 13. Bf4 Bb7 14. Ne5 Nxe5
15. Bxe5 Bxe5 16. Rxe5 Qf6 17. f3 Rad8 18. Qe2 Rd6 19. Re1 Rfd8 20. Qe3 g6 21.
Rc5 Qe7 22. Qg5 Qxg5 23. Rxg5 f5 24. f4 Kf7 25. Rg3 Bd5 26. Re5 Rc8 27. a3 h5
28. h4 Rb6 29. Bd1 Rd6 30. Bf3 Bxf3 31. Rxf3 Ke7 32. Rfe3 Kf7 33. Kf2 Rc7 34.
g3 Rc8 35. Ke2 Rc7 36. Kd2 Rcc6 37. Kc2 Rc7 38. Re1 Rcc6 39. Ra1 Ke7 40. Rae1
Kd7 41. Ra1 Kc7 42. Rae1 Kb7 43. R1e3 Kb6 44. b3 cxb3+ 45. Kxb3 Kc7 46. Rd3 Rc4
47. Rde3 Kd7 48. a4 Rxa4 49. Rc5 Ra1 50. Kb2 Rd1 51. Kc2 Ra1 52. Kb2 1/2-1/2

[Event "Faxe Dags EMT 2011"]
[Site "Faxe"]
[Date "2011.04.27"]
[Round "4"]
[White "Kjeldgaard, Lennart"]
[Black "Ostrem, Eyolf"]
[Result "0-1"]
[WhiteElo "1565"]
[BlackElo "1400"]
[PlyCount "94"]
[EventDate "2011.??.??"]

1. e4 c5 2. Bc4 e6 3. Nf3 d6 4. d4 cxd4 5. Qxd4 Nc6 6. Bb5 Bd7 7. Bxc6 Bxc6 8.
Nc3 Nf6 9. Bg5 Be7 10. O-O-O h6 11. Bxf6 Bxf6 12. Qxd6 Qxd6 13. Rxd6 Bxc3 14.
bxc3 Bxe4 15. Nd2 Bd5 16. c4 Ke7 17. Rxd5 exd5 18. cxd5 Rac8 19. Kb2 b5 20. Ne4
f5 21. Nc3 Rc5 22. Re1+ Kd7 23. Re6 Rhc8 24. Rc6 R8xc6 25. dxc6+ Kxc6 26. Kb3
a5 27. Ne2 Rc4 28. c3 a4+ 29. Kb2 g6 30. f3 b4 31. cxb4 Rxb4+ 32. Ka3 Rc4 33.
Kb2 Kc5 34. g3 g5 35. h3 Kb4 36. a3+ Kc5 37. f4 Kd5 38. Nc3+ Kd4 39. Nb5+ Ke3
40. Nd6 Rc5 41. fxg5 hxg5 42. Nf7 f4 43. gxf4 gxf4 44. Nh6 Ke2 45. Ng4 f3 46.
Nh2 f2 47. h4 Rh5 0-1

[Event "Faxe Dags EMT 2011"]
[Site "Faxe"]
[Date "2011.04.27"]
[Round "4"]
[White "Christoffersen, Per"]
[Black "Andersen, Hans E"]
[Result "1-0"]
[WhiteElo "1549"]
[BlackElo "1476"]
[PlyCount "117"]
[EventDate "2011.??.??"]

1. d4 Nf6 2. Nf3 d5 3. e3 Nc6 4. c3 Ne4 5. Bd3 Bg4 6. h3 Bh5 7. Qc2 Bxf3 8.
gxf3 Ng5 9. Nd2 g6 10. f4 Ne6 11. Nf3 f5 12. Bb5 Qd6 13. Ne5 a6 14. Qa4 Ned8
15. Bd2 Ra7 16. Bxc6+ Nxc6 17. O-O-O b5 18. Qc2 e6 19. Rdg1 Ne7 20. Be1 Bg7 21.
Nd3 Kf7 22. h4 h5 23. f3 Nc6 24. Qg2 Ne7 25. Qg5 Bf6 26. Ne5+ Kg7 27. Qg2 Rh6
28. Nd3 a5 29. e4 dxe4 30. fxe4 fxe4 31. Qxe4 Nf5 32. Nc5 Kf7 33. Bf2 b4 34.
Qxe6+ Qxe6 35. Nxe6 Bxh4 36. Rxh4 Nxh4 37. Ng5+ Kf6 38. Bxh4 Kf5 39. Nf7 Rh7
40. Ne5 Ra6 41. Nd3 Rc6 42. Kd2 bxc3+ 43. bxc3 Rb6 44. Rg5+ Ke4 45. Ke2 Re7 46.
Rxa5 Re8 47. Re5+ Rxe5 48. fxe5 Kf5 49. d5 g5 50. Bf2 Ra6 51. Ke3 h4 52. e6 g4
53. Bxh4 Rxa2 54. e7 Ra8 55. Nc5 Re8 56. Ne6 g3 57. Nxc7 g2 58. Kf2 Rg8 59. Kg1
1-0

[Event "Faxe Dags EMT 2011"]
[Site "Faxe"]
[Date "2011.04.27"]
[Round "4"]
[White "Refsgaard, Kaj"]
[Black "Hansen, Egon"]
[Result "0-1"]
[WhiteElo "1506"]
[BlackElo "1363"]
[PlyCount "102"]
[EventDate "2011.??.??"]

1. Nf3 d5 2. d4 Nf6 3. Bg5 e6 4. e3 Be7 5. Bd3 b6 6. O-O c5 7. c3 Nc6 8. b3 Bb7
9. Bf4 Bd6 10. Ne5 Rc8 11. Qc2 h6 12. Nd2 O-O 13. Nxc6 Bxc6 14. Bxd6 Qxd6 15.
Qd1 e5 16. Bf5 Bd7 17. Bxd7 Nxd7 18. Rc1 Rc7 19. Nf3 e4 20. Nd2 f5 21. Qh5 Kh7
22. f3 g6 23. Qh4 g5 24. Qh3 Nf6 25. Qxf5+ Kg7 26. fxe4 Nd7 27. Qg4 Nf6 28. Qf5
Nxe4 29. Nxe4 dxe4 30. Qxe4 Re7 31. Qd3 Rfe8 32. Rf3 Re4 33. Rcf1 R8e7 34. Rf7+
Kg8 35. Qc4 R4e6 36. Rxe7 Qxe7 37. Rf3 Kg7 38. Qd3 Re4 39. h3 g4 40. hxg4 Rxg4
41. Qf5 Rg6 42. d5 Rg5 43. Qd3 Qe5 44. e4 Rg4 45. Re3 Rg6 46. Qe2 h5 47. Rf3
Rg4 48. Rf5 Qxc3 49. Rxh5 Qd4+ 50. Kh2 Rxe4 51. Rg5+ Kf6 0-1